[Event "ZH-2014-0-01318"]
[Site "LSS email"]
[Date "2014.12.29"]
[Round "?"]
[White "Astroukh, Vitaly Sergeevich"]
[Black "Chumanov, Valeriy"]
[Result "1/2-1/2"]
[WhiteElo "2192"]
[BlackElo "2175"]
[PlyCount "66"]
[EventDate "2014.12.06"]
[EventType "match (corr)"]
[EventRounds "2"]
[EventCountry "GER"]
[SourceTitle "Corr 2015"]
[Source "ChessBase"]
[SourceDate "2015.07.17"]
[SourceVersion "1"]
[SourceVersionDate "2015.07.17"]
[SourceQuality "1"]

1. c4 Nf6 2. Nc3 c5 3. g3 d5 4. cxd5 Nxd5 5. Bg2 Nc7 6. d3 e5 7. Nh3 Be7 8. f4 exf4 9. Nxf4 0-0 10. 0-0 Nc6 11. Bd2 Bd7 12. e3 Rc8 13. Qh5 g6 14. Qe2 Re8 15. Rae1 b5 16. Bc1 Bf8 17. b3 Ne5 18. Bb2 Bg7 19. Ne4 Bg4 20. Qd2 Ne6 21. d4 f5 22. dxe5 fxe4 23. Qxd8 Nxd8 24. Bxe4 Bxe5 25. Bd5+ Kh8 26. Bxe5+ Rxe5 27. e4 Nc6 28. h3 Bd7 29. g4 Re7 30. Kg2 Nb4 31. Bb7 Rc7 32. Nd5 Nxd5 33. Bxd5 Kg7 1/2-1/2

[Event "OP-2014-0-03563"]
[Site "LSS email"]
[Date "2014.11.23"]
[Round "?"]
[White "Astroukh, Vitaly Sergeevich"]
[Black "Yalpaev, Sergej"]
[Result "1-0"]
[WhiteElo "2192"]
[BlackElo "796"]
[PlyCount "53"]
[EventDate "2014.11.16"]
[EventType "tourn (corr)"]
[EventRounds "4"]
[EventCountry "GER"]
[SourceTitle "Corr 2015"]
[Source "ChessBase"]
[SourceDate "2015.07.17"]
[SourceVersion "1"]
[SourceVersionDate "2015.07.17"]
[SourceQuality "1"]

1. e4 e5 2. Nf3 Bc5 3. Nxe5 Bxf2+ 4. Kxf2 Qf6+ 5. Nf3 Nh6 6. Nc3 c6 7. d4 Ng4+ 8. Kg1 0-0 9. h3 Nh6 10. g4 Qd6 11. g5 Qg3+ 12. Bg2 Nf5 13. exf5 d5 14. Ne2 Qd6 15. Bf4 Qb4 16. f6 g6 17. b3 Qa3 18. h4 Bf5 19. Ng3 Be4 20. Ne5 Bxg2 21. Nf5 gxf5 22. Qh5 Qb2 23. Qh6 Qxd4+ 24. Kxg2 Qe4+ 25. Kh3 Qxh1+ 26. Rxh1 Nd7 27. Qg7# 1-0

[Event "OP-2014-0-03558"]
[Site "LSS email"]
[Date "2014.11.16"]
[Round "?"]
[White "Kolanek, Roman"]
[Black "Astroukh, Vitaly Sergeevich"]
[Result "0-1"]
[WhiteElo "1916"]
[BlackElo "2165"]
[PlyCount "76"]
[EventDate "2014.11.12"]
[EventType "tourn (corr)"]
[EventRounds "4"]
[EventCountry "GER"]
[SourceTitle "Corr 2015"]
[Source "ChessBase"]
[SourceDate "2015.07.17"]
[SourceVersion "1"]
[SourceVersionDate "2015.07.17"]
[SourceQuality "1"]

1. d4 e6 2. e4 d5 3. exd5 exd5 4. Nf3 Bd6 5. c4 dxc4 6. Bxc4 Nf6 7. Qe2+ Be7 8. Nc3 0-0 9. h3 Nc6 10. 0-0 Bf5 11. Rd1 Na5 12. Nh4 Bd7 13. Bd3 Re8 14. Nf3 Nc6 15. Bc4 Bd6 16. Qc2 Na5 17. Bd3 h6 18. a3 Qc8 19. Bd2 Nc6 20. Ne4 Bxh3 21. Nxd6 cxd6 22. d5 Bxg2 23. Bf5 Bxf3 24. Bxc8 Nd4 25. Qc4 Ne2+ 26. Kf1 Raxc8 27. Qb3 Ng4 28. Be3 Ng3+ 29. Ke1 Ne4 30. Rac1 Rxc1 31. Rxc1 Re5 32. Rc8+ Kh7 33. Bd4 Nc5+ 34. Bxe5 Nxb3 35. Bxd6 Bxd5 36. Rd8 Nd4 37. Bc5 Nf3+ 38. Kd1 Bc6 0-1

[Event "OP-2014-0-03527"]
[Site "LSS email"]
[Date "2014.10.16"]
[Round "?"]
[White "Dlugolecki, Grzegorz"]
[Black "Astroukh, Vitaly Sergeevich"]
[Result "0-1"]
[WhiteElo "1530"]
[BlackElo "2165"]
[PlyCount "68"]
[EventDate "2014.10.11"]
[EventType "tourn (corr)"]
[EventRounds "4"]
[EventCountry "GER"]
[SourceTitle "Corr 2015"]
[Source "ChessBase"]
[SourceDate "2015.07.17"]
[SourceVersion "1"]
[SourceVersionDate "2015.07.17"]
[SourceQuality "1"]

1. e4 c5 2. Nf3 d6 3. d4 cxd4 4. Nxd4 Nf6 5. Nc3 g6 6. Be3 Bg7 7. f3 Nc6 8. Qd2 0-0 9. Bc4 Bd7 10. Bb3 Na5 11. 0-0 a6 12. Rad1 b5 13. Rfe1 Rc8 14. Bf2 Re8 15. Rc1 Rb8 16. Nde2 Bc6 17. Bd4 Qc7 18. Nd1 Ba8 19. Bc3 b4 20. Bd4 Red8 21. c4 bxc3 22. Rxc3 Nxb3 23. axb3 Qb7 24. Rd3 e5 25. Bc5 d5 26. b4 a5 27. bxa5 Rdc8 28. b4 dxe4 29. Ra3 exf3 30. gxf3 Rxc5 31. bxc5 Bf8 32. Qc1 Qd5 33. Rc3 Bxc5+ 34. Nf2 Ne4 0-1

[Event "OP-2014-0-03502"]
[Site "LSS email"]
[Date "2014.09.22"]
[Round "?"]
[White "Czaban, Tomasz"]
[Black "Astroukh, Vitaly Sergeevich"]
[Result "0-1"]
[WhiteElo "1072"]
[BlackElo "2192"]
[PlyCount "60"]
[EventDate "2014.09.10"]
[EventType "tourn (corr)"]
[EventRounds "4"]
[EventCountry "GER"]
[SourceTitle "Corr 2015"]
[Source "ChessBase"]
[SourceDate "2015.07.17"]
[SourceVersion "1"]
[SourceVersionDate "2015.07.17"]
[SourceQuality "1"]

1. d4 d5 2. c4 c6 3. cxd5 cxd5 4. e3 Nc6 5. Nf3 Bf5 6. Bd3 Bxd3 7. Qxd3 e6 8. Nc3 Bd6 9. 0-0 Nf6 10. e4 dxe4 11. Nxe4 Be7 12. Bg5 Nxe4 13. Bxe7 Nxf2 14. Rxf2 Qxe7 15. d5 0-0-0 16. Nd4 Rxd5 17. Nxc6 bxc6 18. Qa6+ Kb8 19. Qxc6 Rc8 20. Qa4 Qc5 21. Qf4+ Rc7 22. b4 Qb6 23. a4 Rf5 24. a5 Qxf2+ 25. Qxf2 Rxf2 26. Kxf2 Kb7 27. Rd1 Ka6 28. Rd8 Rb7 29. Rd4 Kb5 30. Ke3 Rc7 0-1